[Event "Michigan Open"]
[Site "Romulus, MI"]
[Date "2000.09.04"]
[Round "6.8"]
[White "Baze, Lineas"]
[Black "Jarosz, Stan"]
[Result "0-1"]
[WhiteElo "2088"]
[BlackElo "1948"]
[PlyCount "120"]
[EventDate "2000.09.01"]

1. e4 e6 2. d4 d5 3. exd5 exd5 4. c4 Bb4+ 5. Nc3 Qe7+ 6. Qe2 Qxe2+ 7. Bxe2 Nf6
8. Be3 Ne4 9. Rc1 Nxc3 10. bxc3 Ba3 11. Rb1 dxc4 12. Bxc4 O-O 13. Nf3 Nd7 14.
O-O c6 15. Rfe1 Nb6 16. Bb3 Bf5 17. Rbd1 Nd5 18. Nh4 Bg4 19. f3 Bd7 20. Bd2
Rfe8 21. g3 Kf8 22. Ng2 Rxe1+ 23. Rxe1 Re8 24. Kf2 Rxe1 25. Kxe1 Bb2 26. Bxd5
cxd5 27. Ne3 Bc6 28. Ke2 Ke8 29. Kd3 Ba3 30. f4 Bb5+ 31. Kc2 Bc4 32. Kb1 g6 33.
Ng4 Bd3+ 34. Ka1 Ke7 35. Ne3 Kd6 36. Nd1 Ke6 37. Nf2 Bc4 38. Kb1 h5 39. Bc1
Bxa2+ 40. Kc2 Be7 41. Nd3 Kf5 42. h3 f6 43. Nf2 Bc4 44. g4+ hxg4 45. Nxg4 Ke4
46. Nh6 g5 47. fxg5 fxg5 48. Nf7 Kf5 49. Nh6+ Kg6 50. Ng4 Bd6 51. Ne3 b5 52.
Bd2 Bf4 53. Ng4 Bxd2 54. Kxd2 Kh5 55. Ne5 Bf1 56. Nc6 Bxh3 57. Nxa7 Bd7 58. Ke1
Kg4 59. Kf2 Kf4 60. Kg2 Ke4 0-1

[Event "Michigan Open Reserve"]
[Site "Romulus, MI"]
[Date "2000.09.04"]
[Round "6.29"]
[White "Avery, Bill"]
[Black "Kane, Paul"]
[Result "1/2-1/2"]
[WhiteElo "1594"]
[BlackElo "1643"]
[PlyCount "74"]
[EventDate "2000.09.01"]

1. d4 d5 2. Nf3 Nf6 3. Bg5 e6 4. e3 Be7 5. Bd3 Nbd7 6. h3 Bd6 7. Nbd2 h6 8. Bf4
O-O 9. Bxd6 cxd6 10. O-O e5 11. dxe5 dxe5 12. Bb5 e4 13. Nd4 a6 14. Ba4 Ne5 15.
Bb3 Nc6 16. c3 Qc7 17. Rc1 Nxd4 18. cxd4 Qd6 19. Rc3 Bd7 20. Qc2 Bc6 21. Rc1
Bd7 22. Qd1 Rac8 23. R1c2 Rxc3 24. Rxc3 Rc8 25. Qc1 Rxc3 26. bxc3 b5 27. Bc2 g5
28. Nb3 g4 29. hxg4 Nxg4 30. g3 h5 31. Bd1 h4 32. Bxg4 Bxg4 33. gxh4 Bf3 34.
Qf1 Qg6+ 35. Kh2 Qd6+ 36. Kg1 Qg6+ 37. Kh2 Qd6+ 1/2-1/2

[Event "Michigan Open"]
[Site "Romulus, MI"]
[Date "2000.09.04"]
[Round "6.5"]
[White "Andrews, Steve"]
[Black "Finegold, Ron"]
[Result "1-0"]
[WhiteElo "2248"]
[BlackElo "2024"]
[PlyCount "62"]
[EventDate "2000.09.01"]

1. d4 d5 2. Nf3 e6 3. c4 c6 4. g3 Bb4+ 5. Bd2 Be7 6. Bg2 Nf6 7. O-O Nbd7 8. Qc2
Ne4 9. Bf4 g5 10. Be3 f5 11. Nfd2 g4 12. cxd5 exd5 13. f3 gxf3 14. exf3 Nxd2
15. Qxd2 O-O 16. Nc3 Bf6 17. Rad1 Rf7 18. Ne2 Nf8 19. Nf4 Ng6 20. Rfe1 Bd7 21.
Nd3 Qf8 22. f4 Re8 23. Ne5 Bxe5 24. dxe5 Be6 25. Bxa7 h5 26. h4 Qh6 27. Be3 Kh8
28. Kf2 Rg8 29. Bf3 Nf8 30. Rg1 Rfg7 31. Bc5 Ng6 {Next move for white is 32.
e6. Looks like time pressure scramble with moves missing.} 1-0

[Event "Michigan Open"]
[Site "Romulus, MI"]
[Date "2000.09.04"]
[Round "6.19"]
[White "Aldrich, Jeff"]
[Black "McCormick, Tim"]
[Result "0-1"]
[WhiteElo "1949"]
[BlackElo "1468"]
[PlyCount "130"]
[EventDate "2000.09.01"]

1. d4 Nf6 2. c4 e6 3. Nc3 d5 4. Bg5 Be7 5. Nf3 O-O 6. e3 Nbd7 7. Qc2 c5 8. dxc5
Nxc5 9. Rd1 Qa5 10. Be2 dxc4 11. Bxc4 Nce4 12. Bh4 Bb4 13. O-O Bxc3 14. bxc3
Qxc3 15. Qe2 b6 16. Rc1 Qa3 17. Nd4 Bb7 18. f3 Nd6 19. Bd3 Nd5 20. Rfe1 Rac8
21. Rcd1 Rc7 22. Bg3 Nc3 23. Qc2 Rfc8 24. Ra1 Nce4 25. Qb3 Qxb3 26. axb3 Nxg3
27. hxg3 Rc3 28. Ba6 Bxa6 29. Rxa6 Rc1 30. Kf1 Rxe1+ 31. Kxe1 Rc7 32. Kd2 Kf8
33. e4 e5 34. Nc2 Ke7 35. Ne3 Kd7 36. Nd5 Rb7 37. Ra2 Ne8 38. Ke3 Nc7 39. Nb4
Nb5 40. Nd3 f6 41. f4 Ke6 42. Ra6 Rc7 43. b4 Rc3 44. Kd2 Ra3 45. Rxa3 Nxa3 46.
Nb2 Nb5 47. Kd3 Nd6 48. Nd1 g6 49. Nc3 h5 50. Ke3 a5 51. bxa5 bxa5 52. Na4 Ke7
53. fxe5 fxe5 54. Kd3 Kf6 55. Ke3 Kg5 56. Nc5 Kg4 57. Nd3 Nc4+ 58. Kf2 a4 59.
Nc1 a3 60. Na2 Nd6 61. Nb4 Nxe4+ 62. Ke3 Nc3 63. Kf2 a2 64. Nc2 Nd5 65. Na1 e4
0-1

[Event "Michigan Open"]
[Site "Romulus, MI"]
[Date "2000.09.11"]
[Round "6.11"]
[White "Turner, Keita"]
[Black "Kulbacki, James"]
[Result "1-0"]
[WhiteElo "1886"]
[BlackElo "2003"]
[PlyCount "60"]
[EventDate "2000.09.01"]

1. d4 d5 2. Nf3 Nf6 3. Nbd2 g6 4. e3 Bg7 5. Ne5 Nfd7 6. f4 c5 7. c3 Nc6 8. Bd3
O-O 9. O-O Qc7 10. Qf3 e6 11. Qh3 c4 12. Bc2 f5 13. Ndf3 Nf6 14. Bd2 Nxe5 15.
fxe5 Ng4 16. Qg3 b5 17. h3 Nh6 18. Qh4 Nf7 19. Qg3 a5 20. Nh4 Ra7 21. a4 b4 22.
cxb4 c3 23. Bxc3 g5 24. Nf3 f4 25. exf4 gxf4 26. Qh4 h6 27. bxa5 Ba6 28. Rf2
Nh8 29. Qg4 Qf7 30. Nh4 h5 1-0

[Event "Region V"]
[Site "Warren, MI"]
[Date "2000.10.07"]
[Round "2.10"]
[White "Kenney, Patrick"]
[Black "Aldrich, Jeff"]
[Result "1-0"]
[WhiteElo "1626"]
[BlackElo "1908"]
[PlyCount "110"]
[EventDate "2000.10.07"]

1. e4 c6 2. d4 d5 3. exd5 cxd5 4. Nf3 Nc6 5. Bf4 Bg4 6. c3 e6 7. Bd3 Nf6 8.
Nbd2 a6 9. a4 Rc8 10. O-O Be7 11. b4 O-O 12. Qb3 Bh5 13. Rac1 Bg6 14. Bxg6 hxg6
15. Qb2 b5 16. axb5 axb5 17. Nb3 Bd6 18. Bxd6 Qxd6 19. Nc5 Ne4 20. Qe2 Qf4 21.
Qxb5 Ne7 22. Qd3 Nf5 23. Rfe1 Nfd6 24. Qe3 Qf5 25. Nd2 Nxd2 26. Qxd2 Nc4 27.
Qd3 Qf4 28. Ra1 Ra8 29. g3 Qg4 30. Kg2 Qh5 31. h4 g5 32. hxg5 Qxg5 33. Nd7 Rfd8
34. Ne5 Nd6 35. Ra6 Ne4 36. Rea1 Rxa6 37. Rxa6 Rc8 38. Rc6 Rxc6 39. Nxc6 Qc1
40. c4 Qxc4 41. Qxc4 dxc4 42. b5 Nd6 43. b6 Nb7 44. Kf3 Kf8 45. Ke3 Ke8 46. Kd2
f6 47. Kc3 Kd7 48. Nb8+ Kc8 49. Na6 Nd6 50. Nc5 e5 51. dxe5 fxe5 52. f4 exf4
53. gxf4 Kb8 54. Kd4 Nc8 55. Na4 Kb7 $138 1-0

[Event "Region V"]
[Site "Warren, MI"]
[Date "2000.10.07"]
[Round "3"]
[White "Ghobrial, Ameer"]
[Black "Skidmore, Jennifer"]
[Result "1-0"]
[WhiteElo "2101"]
[BlackElo "1912"]
[PlyCount "59"]
[EventDate "2000.10.07"]

1. c4 e5 2. Nc3 Nc6 3. g3 f5 4. Bg2 Nf6 5. e3 d6 6. Nge2 Be7 7. d4 O-O 8. O-O
Qe8 9. Rb1 Bd7 10. b4 Nd8 11. dxe5 dxe5 12. Nd5 Nxd5 13. Qxd5+ Be6 14. Qxe5 Bd6
15. Qc3 Nc6 16. Nd4 Nxd4 17. exd4 c6 18. Bb2 Qf7 19. d5 cxd5 20. cxd5 Bd7 21.
Rfe1 f4 22. Qd4 Qg6 23. Be4 Qh6 24. a3 Rf7 25. Bg2 Raf8 26. Rbd1 Bh3 27. Re6
fxg3 28. Rxh6 gxf2+ 29. Kf1 Bd7 30. Rxd6 1-0

[Event "Region V"]
[Site "Warren, MI"]
[Date "2000.10.07"]
[Round "3.12"]
[White "Aldrich, Jeff"]
[Black "Scott, Tyron"]
[Result "1-0"]
[WhiteElo "1908"]
[BlackElo "1438"]
[PlyCount "69"]
[EventDate "2000.10.07"]

1. d4 Nf6 2. c4 g6 3. Nc3 Bg7 4. e4 d6 5. f3 O-O 6. Be3 Nbd7 7. Nh3 c5 8. d5
Ne5 9. Nf2 Ne8 10. f4 Nd7 11. f5 Ne5 12. g4 Qb6 13. Rb1 Nf6 14. Be2 Nfd7 15. h4
Qb4 16. a3 Qa5 17. Qd2 Nb6 18. b4 Qxa3 19. Nb5 Qa4 20. Qc1 Bd7 21. Bd1 Qa2 22.
Bb3 Qxf2+ 23. Kxf2 Nd3+ 24. Kf3 Nxc1 25. Rhxc1 a6 26. Nc7 Rac8 27. bxc5 Nxc4
28. Bxc4 Rxc7 29. c6 bxc6 30. Bb6 Rb8 31. Bxc7 Rxb1 32. Rxb1 c5 33. Rb8+ Bf8
34. f6 exf6 35. Bxd6 1-0

[Event "Region V"]
[Site "Warren, MI"]
[Date "2000.10.07"]
[Round "1.13"]
[White "Aldrich, Jeff"]
[Black "Mandell, Sheldon"]
[Result "1-0"]
[WhiteElo "1908"]
[BlackElo "1205"]
[PlyCount "41"]
[EventDate "2000.10.07"]

1. d4 d5 2. c4 dxc4 3. Nf3 Bg4 4. Ne5 Bf5 5. Nc3 g6 6. e4 Bd7 7. Bxc4 Be6 8.
Qa4+ c6 9. d5 b5 10. dxe6 Bg7 11. exf7+ Kf8 12. fxg8=Q+ Rxg8 13. Nxb5 cxb5 14.
Qxb5 Rh8 15. O-O a6 16. Qd5 Qxd5 17. Bxd5 Ra7 18. Bf4 Nd7 19. Nxd7+ Rxd7 20.
Rac1 Bxb2 21. Bh6+ 1-0

[Event "Region V"]
[Site "Warren, MI"]
[Date "2000.10.08"]
[Round "4.10"]
[White "Steen, Harold"]
[Black "Aldrich, Jeff"]
[Result "0-1"]
[WhiteElo "1715"]
[BlackElo "1908"]
[PlyCount "72"]
[EventDate "2000.10.07"]

1. d4 d5 2. Nf3 Nf6 3. e3 Bg4 4. Nbd2 e6 5. Bd3 c5 6. b3 Nc6 7. Bb2 cxd4 8.
exd4 Bd6 9. O-O Rc8 10. a3 Qc7 11. Qe1 O-O 12. Ne5 Bh5 13. f4 Qb6 14. c3 Bxe5
15. fxe5 Nd7 16. Kh1 Ne7 17. b4 f6 18. Qh4 Bg6 19. Bxg6 Nxg6 20. Qg3 fxe5 21.
dxe5 Ndxe5 22. Nf3 Qb5 23. Qe1 Rf5 24. c4 dxc4 25. Nd4 Rxf1+ 26. Qxf1 Qd5 27.
Ne2 Nd3 28. Bd4 e5 29. Bg1 c3 30. Nc1 Ndf4 31. Ne2 Qd2 32. Nxf4 Nxf4 33. Rd1
Qxd1 34. Qxd1 c2 35. Qc1 Ne2 36. Qd2 Nxg1 0-1

[Event "Region V"]
[Site "Warren, MI"]
[Date "2000.10.08"]
[Round "5.3"]
[White "Aldrich, Jeff"]
[Black "Wilson, Vester"]
[Result "0-1"]
[WhiteElo "1908"]
[BlackElo "2108"]
[PlyCount "115"]
[EventDate "2000.10.07"]

1. d4 d5 2. Nf3 c5 3. dxc5 Nc6 4. Bf4 f6 5. Bg3 e5 6. e3 Bxc5 7. Be2 Qb6 8. Qc1
Bg4 9. Nc3 Bb4 10. O-O Bxc3 11. bxc3 Qc5 12. Rb1 O-O-O 13. Qb2 b6 14. Ba6+ Kd7
15. Nd2 Nge7 16. Nb3 Qd6 17. f3 Bh5 18. c4 Nb4 19. Bb5+ Kc8 20. Rfd1 a6 21. Ba4
Qc7 22. a3 Nbc6 23. Bxc6 Qxc6 24. c5 b5 25. a4 b4 26. Na5 Qxc5 27. Qxb4 Qxb4
28. Rxb4 Kd7 29. Rdb1 Rc8 30. c4 Rc5 31. Be1 Rhc8 32. Rb7+ R5c7 33. cxd5 Nxd5
34. e4 Nf4 35. Nc4 Ke6 36. R7b6+ Rc6 37. Ne3 Kf7 38. Rb7+ R8c7 39. Nd5 Nxd5 40.
exd5 Rc1 41. Rxc7+ Rxc7 42. Rb6 Rd7 43. d6 Ke6 44. Bb4 Ra7 45. Rb8 Bg6 46. Bc5
Rd7 47. Ra8 Bd3 48. Kf2 Kd5 49. Ba3 Rb7 50. Rc8 Ke6 51. Re8+ Kf7 52. Rc8 Bf5
53. Ra8 Rb3 54. Ra7+ Ke8 55. Bc5 Rb2+ 56. Kg3 Rc2 57. Re7+ Kf8 58. Rc7 $138 0-1

[Event "Genesee County CC Championship"]
[Site "Flint, MI"]
[Date "2000.10.18"]
[Round "1.1"]
[White "Aldrich, Jeff"]
[Black "Saylor, Oliver"]
[Result "0-1"]
[WhiteElo "1908"]
[BlackElo "1198"]
[PlyCount "70"]
[EventDate "2000.10.18"]

1. d4 d5 2. c4 e6 3. Nc3 Bb4 4. Nf3 Nf6 5. Bg5 h6 6. Bh4 O-O 7. e3 Nbd7 8. Qc2
c5 9. cxd5 exd5 10. Be2 cxd4 11. Nxd4 Ne5 12. O-O Bxc3 13. Qxc3 Ng6 14. Bg3 Ne4
15. Qc2 Nxg3 16. hxg3 Ne5 17. Rad1 Be6 18. e4 Rc8 19. Qa4 a6 20. b3 Qf6 21. f4
Nd7 22. f5 Nc5 23. Qa3 Bd7 24. exd5 Ne4 25. Ne6 Rfe8 26. Bg4 Nxg3 27. Rf3 Qh4
28. Bh3 fxe6 29. fxe6 Bb5 30. Rc1 Ne2+ 31. Kh2 Nxc1 32. Qb2 Ne2 33. a4 Qe1 34.
Bf5 Qg1+ 35. Kh3 Qh1+ 0-1

[Event "Motor City Open"]
[Site "Warren, MI"]
[Date "2000.11.12"]
[Round "5"]
[White "Seawald, Dennis"]
[Black "Mohammed, A."]
[Result "1-0"]
[WhiteElo "2187"]
[BlackElo "1730"]
[PlyCount "63"]
[EventDate "2000.11.24"]

1. e4 c5 2. Nf3 d6 3. d4 cxd4 4. Nxd4 Nf6 5. Nc3 g6 6. Be3 Bg7 7. f3 O-O 8. Qd2
Re8 9. O-O-O Qa5 10. Kb1 a6 11. Bc4 Nc6 12. h4 h5 13. Bb3 Bd7 14. Rdg1 Kf8 15.
Bh6 Nxd4 16. Bxg7+ Kxg7 17. Qxd4 Qc5 18. Qd2 Rh8 19. Rd1 Bc6 20. Rhe1 b5 21.
Qg5 Qxg5 22. hxg5 Nd7 23. f4 Rad8 24. Bd5 Bxd5 25. exd5 Rde8 26. a3 h4 27. Re3
Rh5 28. Rde1 Kf8 29. Ne4 Kg7 30. Nxd6 Rf8 31. Rxe7 Nb6 32. Ne8+ 1-0

[Event "Motor City Open"]
[Site "Warren, MI"]
[Date "2000.11.24"]
[Round "2"]
[White "Socia, Ethan"]
[Black "Minskey, Charles"]
[Result "0-1"]
[WhiteElo "1155"]
[BlackElo "1834"]
[PlyCount "40"]
[EventDate "2000.11.24"]

1. c4 Nf6 2. d4 g6 3. Nc3 Bg7 4. e4 d6 5. g3 O-O 6. Nf3 Nbd7 7. Bg2 a5 8. O-O
e5 9. d5 Nc5 10. Re1 Bg4 11. h3 Bd7 12. Bg5 Qc8 13. Bxf6 Bxf6 14. g4 Be7 15. a3
a4 16. Nd2 Nd3 17. Re3 Nf4 18. Bf3 Nxh3+ 19. Kf1 Bh4 20. Re2 Bxg4 0-1

[Event "Motor City Open"]
[Site "Warren, MI"]
[Date "2000.11.24"]
[Round "2"]
[White "Mohammed, Azziem"]
[Black "Finegold, Ben"]
[Result "0-1"]
[WhiteElo "1730"]
[BlackElo "2572"]
[PlyCount "86"]
[EventDate "2000.11.24"]

1. d4 d5 2. e3 g6 3. Bd3 Bg7 4. f4 Nh6 5. Nf3 O-O 6. O-O Bf5 7. c3 c5 8. a4
Bxd3 9. Qxd3 Qd6 10. Na3 a6 11. Bd2 Nc6 12. Ne5 Rad8 13. Rac1 Nxe5 14. fxe5 Qe6
15. b4 c4 16. Qe2 f6 17. exf6 exf6 18. e4 Rfe8 19. Rce1 Qc6 20. Qd1 dxe4 21. b5
Qe6 22. Re2 Nf5 23. Rfe1 Nd6 24. Bf4 f5 25. Qc1 axb5 26. axb5 Nf7 27. h4 Bf6
28. g3 Kg7 29. Nc2 h6 30. Bc7 Rc8 31. b6 Bd8 32. Bxd8 Rexd8 33. Ne3 Qxb6 34. h5
Ng5 35. Kg2 Qe6 36. Rh1 Rf8 37. Rf2 Nf3 38. Qb1 Rc7 39. Rb2 gxh5 40. Rb6 Qf7
41. g4 fxg4 42. Nxg4 hxg4 43. Rbxh6 Ng5 0-1

[Event "Motor City Open"]
[Site "Warren, MI"]
[Date "2000.11.24"]
[Round "1"]
[White "Finegold, Ben"]
[Black "Gross, Benjamin"]
[Result "1-0"]
[WhiteElo "2572"]
[BlackElo "1349"]
[PlyCount "47"]
[EventDate "2000.11.24"]

1. d4 Nf6 2. c4 e6 3. Nc3 Bb4 4. Qc2 O-O 5. Nf3 d5 6. cxd5 Nxd5 7. e4 Nxc3 8.
bxc3 Be7 9. Bd3 b6 10. e5 h6 11. Be4 c6 12. h4 Bb7 13. Rh3 Qc7 14. Bxh6 c5 15.
Rg3 Rc8 16. Rxg7+ Kf8 17. Bxb7 cxd4 18. Rg3+ Ke8 19. Rg8+ Kd7 20. Bxc8+ Qxc8
21. Rxc8 Kxc8 22. cxd4+ Kb7 23. Rc1 Na6 24. Qc6+ 1-0

[Event "Motor City Open"]
[Site "Warren, MI"]
[Date "2000.11.25"]
[Round "5"]
[White "Wiener, Jack"]
[Black "Heard, Anthony"]
[Result "1-0"]
[WhiteElo "1292"]
[BlackElo "775"]
[PlyCount "73"]
[EventDate "2000.11.24"]

1. d4 d5 2. h3 e6 3. Nf3 Nf6 4. Bf4 c5 5. e3 Qb6 6. Qc1 Nc6 7. Be2 cxd4 8. exd4
Nxd4 9. Nxd4 Qxd4 10. O-O e5 11. Bb5+ Nd7 12. Re1 Bd6 13. c3 Qc5 14. Bxe5 O-O
15. Bxd6 Qxd6 16. Qe3 Nf6 17. Nd2 a6 18. Bd3 b5 19. Nf3 Bb7 20. Nd4 Rfe8 21.
Qg5 b4 22. Nf5 Rxe1+ 23. Rxe1 Qf8 24. Re7 Bc6 25. Nh6+ Kh8 26. Nxf7+ Kg8 27.
Rc7 Bb5 28. Bc2 Re8 29. Nh6+ Kh8 30. Nf5 Re1+ 31. Kh2 g6 32. Rc8 Be8 33. Ne3
Qd6+ 34. g3 d4 35. cxd4 Qxd4 36. Ba4 Qe4 37. Qxf6+ 1-0

[Event "Motor City Open"]
[Site "Warren, MI"]
[Date "2000.11.25"]
[Round "3"]
[White "Wiener, Jack"]
[Black "Collins, Devontia"]
[Result "1-0"]
[WhiteElo "1292"]
[BlackElo "764"]
[PlyCount "109"]
[EventDate "2000.11.24"]

1. d4 e6 2. Nf3 d5 3. Nbd2 Nf6 4. Nb3 Be7 5. Bg5 O-O 6. e3 Ne4 7. Bxe7 Qxe7 8.
Bd3 Nc6 9. c3 e5 10. O-O Bg4 11. Be2 Nf6 12. dxe5 Nxe5 13. Nbd4 c5 14. Nxe5
Bxe2 15. Nxe2 Qxe5 16. Qc2 Qe4 17. Qxe4 dxe4 18. Rad1 b6 19. Rb1 Rad8 20. Rfd1
Rxd1+ 21. Rxd1 Ra8 22. Ng3 Ne8 23. Rd7 Kf8 24. Nxe4 Nf6 25. Nxf6 gxf6 26. f4
Ke8 27. Rd5 Rd8 28. Rh5 Rd1+ 29. Kf2 Rd2+ 30. Kg3 Rxb2 31. Rxh7 Rxa2 32. h4 a5
33. Rh8+ Ke7 34. h5 a4 35. h6 Rc2 36. h7 a3 37. Rb8 a2 38. Ra8 Rxc3 39. Rxa2 c4
40. h8=Q Rb3 41. Ra7+ Kd6 42. Qxf6+ Kc5 43. Qd4+ Kb5 44. Qd7+ Kc5 45. Rc7+ Kb4
46. Qd5 c3 47. Qc4+ Ka3 48. Qf1 Ka2 49. Qc1 Ra3 50. Qc2+ Ka1 51. Rxc3 Rxc3 52.
Qxc3+ Ka2 53. Kf2 b5 54. Qb4 Ka1 55. Ke2 1-0

[Event "Motor City Open"]
[Site "Warren, MI"]
[Date "2000.11.25"]
[Round "5"]
[White "West, Tony"]
[Black "Sudharsan, Krishnan"]
[Result "0-1"]
[WhiteElo "1731"]
[BlackElo "1952"]
[PlyCount "106"]
[EventDate "2000.11.24"]

1. e4 e6 2. d4 d5 3. exd5 exd5 4. Nc3 Bb4 5. Bd2 Nf6 6. Nf3 O-O 7. Be2 Nc6 8.
O-O Bf5 9. Bg5 Bxc3 10. bxc3 Qd6 11. Bd3 Ne4 12. Bd2 Rae8 13. Be1 Bg4 14. h3
Bh5 15. Be2 Qa3 16. Rb1 Nxc3 17. Bxc3 Qxc3 18. Rb3 Qa5 19. Rxb7 Re7 20. Rb2
Rfe8 21. Ne5 Nxe5 22. dxe5 Bxe2 23. Qxe2 Qc3 24. Rb3 Qc5 25. Re1 h6 26. Re3 Re6
27. Kh1 Qa5 28. a3 c5 29. f4 d4 30. Rb3 f6 31. Qf1 Kh8 32. h4 fxe5 33. fxe5 Qc7
34. Rf3 Rxe5 35. Rf8+ Rxf8 36. Qxf8+ Kh7 37. Rf1 Qe7 38. Qxe7 Rxe7 39. Rf5 Re3
40. Rxc5 Rxa3 41. Rc4 Rc3 42. Rxd4 Rxc2 43. Ra4 Rc7 44. Ra6 Kg8 45. Kg1 Rf7 46.
g4 Kf8 47. Kg2 Ke8 48. g5 hxg5 49. hxg5 Kd8 50. Rc6 Rc7 51. Rd6+ Kc8 52. Rd5
Rf7 53. Kg3 Kb7 0-1

[Event "Motor City Open"]
[Site "Warren, MI"]
[Date "2000.11.25"]
[Round "3"]
[White "West, Tony"]
[Black "Frantz, John W"]
[Result "1-0"]
[WhiteElo "1731"]
[BlackElo "1227"]
[PlyCount "54"]
[EventDate "2000.11.24"]

1. e4 c5 2. Nf3 d6 3. d4 cxd4 4. Nxd4 Nf6 5. Nc3 g6 6. Be3 Bg7 7. f3 O-O 8. Qd2
Re8 9. O-O-O Qa5 10. Kb1 Nc6 11. Nb3 Qc7 12. h4 Ne5 13. Nb5 Qd8 14. N3d4 Be6
15. Nxe6 fxe6 16. Nd4 Qd7 17. Bb5 Nc6 18. g4 a6 19. Bc4 d5 20. exd5 exd5 21.
Bb3 e6 22. h5 Ne5 23. hxg6 hxg6 24. Bh6 Bh8 25. Qh2 Re7 26. Qxe5 Nxg4 27. Qg3
Ne3 1-0

[Event "Motor City Open"]
[Site "Warren, MI"]
[Date "2000.11.25"]
[Round "3"]
[White "Steen, Harold"]
[Black "Chapman, Beatrice"]
[Result "1-0"]
[WhiteElo "1715"]
[BlackElo "1194"]
[PlyCount "51"]
[EventDate "2000.11.24"]

1. d4 Nf6 2. Nf3 e6 3. e3 d5 4. Bd3 c5 5. b3 Nc6 6. Bb2 Be7 7. O-O O-O 8. Ne5
Nxe5 9. dxe5 Nd7 10. Qh5 g6 11. Qh3 b6 12. f4 Bb7 13. f5 c4 14. bxc4 (14. fxe6)
14... Re8 15. fxg6 fxg6 16. Qxe6+ Kh8 17. Qf7 Rf8 18. e6+ Nf6 19. Bxf6+ Bxf6
20. Qxb7 Bxa1 21. e7 Qd6 22. exf8=Q+ Rxf8 23. Rxf8+ Qxf8 24. Qxd5 Bf6 25. Nd2
Bg7 26. Nf3 1-0

[Event "Motor City Open"]
[Site "Warren, MI"]
[Date "2000.11.25"]
[Round "4"]
[White "Smith, Walt"]
[Black "Minskey, Charles"]
[Result "0-1"]
[WhiteElo "1961"]
[BlackElo "1834"]
[PlyCount "71"]
[EventDate "2000.11.24"]

1. c4 e5 2. Nf3 Nc6 3. Nc3 f5 4. d3 Bb4 5. g3 Nf6 6. Bg2 d6 7. O-O Bxc3 8. bxc3
Bd7 9. Rb1 Rb8 10. Ne1 Ne7 11. Rxb7 Rxb7 12. Bxb7 c6 13. Qa4 h5 14. Qxa7 Kf7
15. Ba3 Qc7 16. Nf3 Rb8 17. Rb1 Bc8 18. Qb6 Qxb6 19. Rxb6 Rxb7 20. Rxb7 Bxb7
21. Bxd6 e4 22. Ng5+ Ke8 23. Ne6 g6 24. Nc5 Ba8 25. d4 Nc8 26. Bf4 Nb6 27. Ne6
Bb7 28. c5 Na4 29. Bd2 Ke7 30. Nf4 Kf7 31. Ng2 Ba6 32. Kf1 Nd5 33. Ke1 Naxc3
34. Bxc3 Nxc3 35. e3 Nxa2 36. h4 0-1

[Event "Motor City Open"]
[Site "Warren, MI"]
[Date "2000.11.25"]
[Round "4"]
[White "Slomkowski, Erick"]
[Black "Mandell, Sheldon"]
[Result "1/2-1/2"]
[WhiteElo "909"]
[BlackElo "1205"]
[PlyCount "77"]
[EventDate "2000.11.24"]

1. e4 e5 2. Nf3 Nc6 3. Nc3 Bc5 4. d3 d6 5. Be2 Nge7 6. O-O a6 7. a4 Nd4 8. Na2
Nxf3+ 9. Bxf3 Nc6 10. Nc3 Nd4 11. Be2 Qf6 12. Nd5 Qd8 13. c3 Nxe2+ 14. Qxe2 c6
15. Ne3 Qg5 16. Nf5 Qg6 17. Ne3 Bh3 18. Qf3 Be6 19. b4 Ba7 20. Bb2 O-O 21. d4
f5 22. exf5 Bxf5 23. Nxf5 Rxf5 24. Qd3 Rxf2 25. Qxg6 Rxf1+ 26. Rxf1 hxg6 27.
Kh1 Rf8 28. Rxf8+ Kxf8 29. dxe5 dxe5 30. g4 Be3 31. Kg2 g5 32. Kf3 Bf4 33. h3
g6 34. c4 Kf7 35. Ke4 Ke6 36. Bc3 b5 37. axb5 axb5 38. c5 Bc1 39. Be1 1/2-1/2

[Event "Motor City Open"]
[Site "Warren, MI"]
[Date "2000.11.25"]
[Round "3"]
[White "Slomkowski, Erick"]
[Black "Johnson, Johnny"]
[Result "1-0"]
[WhiteElo "909"]
[BlackElo "1423"]
[PlyCount "98"]
[EventDate "2000.11.24"]

1. e4 c5 2. Nf3 e6 3. d4 cxd4 4. Nxd4 Nf6 5. Nc3 e5 6. Nf3 Nc6 7. Bc4 Bb4 8.
O-O O-O 9. Nd5 Nxd5 10. Qxd5 Qf6 11. Bg5 Qd6 12. Rad1 Qxd5 13. Bxd5 Kh8 14.
Bxc6 bxc6 15. Nxe5 f6 16. Nxd7 Bxd7 17. Bxf6 Rxf6 18. Rxd7 Rd6 19. Rxd6 Bxd6
20. Rd1 Be5 21. g3 Bf6 22. c3 Rd8 23. Re1 Rd2 24. e5 Be7 25. f4 g6 26. g4 Kg7
27. f5 gxf5 28. gxf5 Kf7 29. b4 h5 30. a4 Rd3 31. c4 Bxb4 32. Rb1 Bc5+ 33. Kg2
Kg7 34. Rb7+ Kh6 35. e6 Kg5 36. e7 Re3 37. f6 Kxf6 38. Rc7 Bxe7 39. Rxc6+ Re6
40. Rc7 Ra6 41. c5 Rxa4 42. Rc6+ Ke5 43. Rc7 Bf6 44. c6 Kd6 45. Rf7 Be7 46. c7
Rc4 47. Rh7 h4 48. Rxe7 Kxe7 49. Kh3 Kd7 1-0

[Event "Motor City Open"]
[Site "Warren, MI"]
[Date "2000.11.25"]
[Round "3"]
[White "Seawald, Dennis"]
[Black "Bolda, Dan G"]
[Result "1-0"]
[WhiteElo "2187"]
[BlackElo "1795"]
[PlyCount "49"]
[EventDate "2000.11.24"]

1. e4 e6 2. d4 d5 3. Nd2 dxe4 4. Nxe4 Nf6 5. Nxf6+ gxf6 6. Nf3 Nd7 7. Bc4 Nb6
8. Bb3 Bd7 9. O-O c6 10. Bf4 Bc8 11. Re1 Bd6 12. Qd2 Qc7 13. Bxd6 Qxd6 14. c4
Qe7 15. d5 Bd7 16. d6 Qf8 17. c5 Nd5 18. Nd4 O-O-O 19. Bxd5 cxd5 20. Qa5 Kb8
21. c6 bxc6 22. Nxc6+ Bxc6 23. Qc7+ Ka8 24. Qxc6+ Kb8 25. Re3 1-0

[Event "Motor City Open"]
[Site "Warren, MI"]
[Date "2000.11.25"]
[Round "5"]
[White "Sattler, Peter"]
[Black "Vandivier, Don"]
[Result "1-0"]
[WhiteElo "1659"]
[BlackElo "1850"]
[PlyCount "76"]
[EventDate "2000.11.24"]

1. e4 c5 2. Nf3 Nc6 3. d4 cxd4 4. Nxd4 g6 5. Nc3 Bg7 6. Be3 Nf6 7. Be2 O-O 8.
Qd2 d5 9. exd5 Nxd5 10. Nxd5 Nxd4 11. Bxd4 Qxd5 12. Bxg7 Qxd2+ 13. Kxd2 Kxg7
14. Bd3 Bd7 15. Rae1 Rfe8 16. Re3 Bc6 17. f3 e5 18. Rhe1 f6 19. b3 Rad8 20. Kc1
Rd5 21. Be4 Rd6 22. Rd1 Red8 23. Rdd3 Rxd3 24. Rxd3 Rxd3 25. cxd3 Bxe4 26. fxe4
Kf7 27. Kd2 Ke6 28. Ke3 f5 29. g3 g5 30. exf5+ Kxf5 31. h3 h5 32. a3 g4 33. h4
Ke6 34. Ke4 a5 35. b4 axb4 36. axb4 b5 37. d4 exd4 38. Kxd4 Kd6 1-0

[Event "Motor City Open"]
[Site "Warren, MI"]
[Date "2000.11.25"]
[Round "4"]
[White "Mohammed, A."]
[Black "McNair, Shawn"]
[Result "1-0"]
[WhiteElo "1730"]
[BlackElo "1392"]
[PlyCount "63"]
[EventDate "2000.11.24"]

1. d4 f5 2. Bg5 g6 3. h4 Bg7 4. h5 d6 5. e3 c6 6. Nd2 Qa5 7. c3 e5 8. Qb3 Qb6
9. Qxb6 axb6 10. Nc4 Be6 11. Nxd6+ Kd7 12. Nc4 Bxc4 13. Bxc4 h6 14. hxg6 hxg5
15. Rxh8 Bxh8 16. Bxg8 Ke7 17. dxe5 Bxe5 18. Nf3 Bf6 19. O-O-O Nd7 20. Bf7 g4
21. Nd4 Bxd4 22. cxd4 Nf6 23. f3 gxf3 24. gxf3 Nd5 25. e4 fxe4 26. fxe4 Nf6 27.
Bb3 Rd8 28. d5 cxd5 29. Bxd5 Rd7 30. g7 Rc7+ 31. Kb1 Nxd5 32. g8=Q 1-0

[Event "Motor City Open"]
[Site "Warren, MI"]
[Date "2000.11.25"]
[Round "3"]
[White "McNair, Shawn"]
[Black "Moroney, Danielle"]
[Result "1-0"]
[WhiteElo "1392"]
[BlackElo "354"]
[PlyCount "49"]
[EventDate "2000.11.24"]

1. e4 e5 2. f4 Nc6 3. Nf3 d6 4. Bc4 Nd4 5. O-O Nxf3+ 6. Qxf3 Nf6 7. fxe5 dxe5
8. Nc3 Bc5+ 9. Kh1 Bg4 10. Qg3 Qd7 11. Qxe5+ Qe7 12. Qxe7+ Bxe7 13. d3 O-O 14.
Nd5 Be2 15. Nxe7+ Kh8 16. Rf2 Bd1 17. Bg5 Bxc2 18. Rxf6 h6 19. Bxh6 gxh6 20.
Rxh6+ Kg7 21. Nf5+ Kg8 22. Rf1 Rfd8 23. Rf4 Bxd3 24. Rg4+ Kf8 25. Rh8# 1-0